Biblioteca y Centro de Documentación

Consecuencias psicosociales del desempleo (Registro nro. 26875)

Detalles MARC
000 -CABECERA
Longitud fija campo de control 00652naa a2200217 c 4500
001 - NÚMERO DE CONTROL
Número de control 26875
003 - IDENTIFICADOR DE NÚMERO DE CONTROL
Identificador del número de control ES-MaCES
005 - FECHA Y HORA DE LA ÚLTIMA TRANSACCIÓN
Fecha y hora de la última transacción 19981124122900.0
008 - CAMPO FIJO DE DESCRIPCIÓN FIJA--INFORMACIÓN GENERAL
Códigos de información de longitud fija   940906n1993 sp ||| | spa d
035 ## - NÚMERO DE CONTROL DEL SISTEMA
Número de control del sistema CES19980008109v
040 ## - FUENTE DE CATALOGACIÓN
Centro catalogador de origen ES-MaCES
Lengua de catalogación spa
Centro transcriptor ES-MaCES
245 00 - MENCIÓN DE TÍTULO
Título Consecuencias psicosociales del desempleo
650 #4 - ASIENTO SECUNDARIO DE MATERIA--TÉRMINO DE MATERIA
Término de materia o nombre geográfico como elemento inicial mortalidad
9 (RLIN) 28506
650 #4 - ASIENTO SECUNDARIO DE MATERIA--TÉRMINO DE MATERIA
Término de materia o nombre geográfico como elemento inicial tensión psicológica
9 (RLIN) 28344
650 #4 - ASIENTO SECUNDARIO DE MATERIA--TÉRMINO DE MATERIA
Término de materia o nombre geográfico como elemento inicial desempleados
9 (RLIN) 29258
653 10 - TÉRMINO DE INDEXACIÓN--NO CONTROLADO
Término no controlado Salud
773 0# - ENTRADA DE DOCUMENTO FUENTE
Título Gaceta sindical
Parte(s) relacionada(s) Madrid. - N. 115 (abr. 1993) ; p. 39
Número de control del registro relacionado (ES-MaCES)25174
902 ## - CES. TIPO DE DOCUMENTO
Tipodoc (006$c Sirtex) ART Artículo de revista
942 ## - ELEMENTOS KOHA
Fuente de clasificaión o esquema Clasificación propia del CES
Koha [por defecto] tipo de item Artículos (1982-2017)
Parte de clasificación 3.1.

No hay ítems disponibles.

© CES, Consejo Económico y Social de España 2021